Это стоило Перу! (Запись № 13321367)

Подробности
000 -МАРКЕР
контрольное поле 02026nam0a2200349 4500
001 - ИДЕНТИФИКАТОР ЗАПИСИ
контрольное поле RU\NLR\BIBL_A\022194752
005 - ИДЕНТИФИКАТОР ВЕРСИИ
контрольное поле 20250627120330.0
010 ## - МЕЖДУНАРОДНЫЙ СТАНДАРТНЫЙ НОМЕР КНИГИ (ISBN)
Номер (ISBN) 978-5-901805-15-2
Тираж 1000
035 ## - ДРУГИЕ СИСТЕМНЫЕ НОМЕРА
Идентификатор записи (NLR Aleph) 022194752
100 ## - ДАННЫЕ ОБЩЕЙ ОБРАБОТКИ
Данные общей обработки 20240411d2022 |||y0rusy50 ca
101 0# - ЯЗЫК РЕСУРСА
Язык текста, звукозаписи и т.д. русский
102 ## - СТРАНА ПУБЛИКАЦИИ ИЛИ ПРОИЗВОДСТВА
Страна публикации Российская Федерация
105 ## - ПОЛЕ КОДИРОВАННЫХ ДАННЫХ: ТЕКСТОВЫЕ МАТЕРИАЛЫ, МОНОГРАФИЧЕСКИЕ
Кодированные данные о монографическом текстовом документе abchz 000yy
181 #0 - ПОЛЕ КОДИРОВАННЫХ ДАННЫХ: ВИД СОДЕРЖАНИЯ
Код вида содержания (ISBD) i3
Код характеристики содержания (ISBD) axxe
182 #0 - ПОЛЕ КОДИРОВАННЫХ ДАННЫХ: ТИП СРЕДСТВА
Код типа средства (ISBD) n - непосредственное
200 1# - ЗАГЛАВИЕ И СВЕДЕНИЯ ОБ ОТВЕТСТВЕННОСТИ
Основное заглавие Это стоило Перу!
Сведения, относящиеся к заглавию реляция об открытии и завоевании королевств Перу, о правлении и образе жизни местных туземцев, о сокровищах, найденных в сей земле и о том, что здесь происходило вплоть до нынешнего времени, написана Педро Писарро, конкистадором и колонистом сих королевств, жителем города Арекипа, в 1571 году
Первые сведения об ответственности Андрей Кофман
203 ## - ВИД СОДЕРЖАНИЯ И ТИП СРЕДСТВА
Вид содержания Текст
Дополнительные сведения об издании визуальный
Тип средства непосредственный
210 ## - ПУБЛИКАЦИЯ, РАСПРОСТРАНЕНИЕ И ДР.
Место издания, распространения и т.д. Москва
Имя издателя, распространителя и т. д. Крига
Дата издания, распространения и т.д. 2022 (печ. 2021)
215 ## - ФИЗИЧЕСКАЯ ХАРАКТЕРИСТИКА
Специфическое обозначение материала и объем 422, [1] с.
Другие сведения о физической характеристике ил., цв. ил., карты, портр., факс.
Размеры 25
300 ## - ОБЩИЕ ПРИМЕЧАНИЯ
Текст примечания На 422-й с. авт.: Кофман А. Ф., д-р филол. наук
320 ## - ПРИМЕЧАНИЯ О НАЛИЧИИ В ДОКУМЕНТЕ БИБЛИОГРАФИИ / УКАЗАТЕЛЯ
Текст примечания Библиогр.: с. 419–421 и в подстроч. примеч.
320 ## - ПРИМЕЧАНИЯ О НАЛИЧИИ В ДОКУМЕНТЕ БИБЛИОГРАФИИ / УКАЗАТЕЛЯ
Текст примечания Другие кн. авт. на 422-й с.
606 1# - НАИМЕНОВАНИЕ ТЕМЫ КАК ПРЕДМЕТ
Наименование темы Колонизация
Формальный подзаголовок Источники и источниковедение
Географический подзаголовок Латинская Америка
Хронологический подзаголовок 16 в.
Системный номер авторитетной/нормативной записи 2355029
Идентификатор авторитетной/нормативной записи RU\NLR\AUTH\661406733
607 ## - ГЕОГРАФИЧЕСКОЕ НАИМЕНОВАНИЕ КАК ПРЕДМЕТ
Географическое наименование Перу
Формальный подзаголовок Источники и источниковедение
Тематический подзаголовок История
Системный номер авторитетной/нормативной записи 999622
Идентификатор авторитетной/нормативной записи RU\NLR\AUTH\6661102
686 1# - ИНДЕКСЫ ДРУГИХ КЛАССИФИКАЦИЙ
Индекс Т3(70)4-69,01
686 1# - ИНДЕКСЫ ДРУГИХ КЛАССИФИКАЦИЙ
Индекс Т3(7Пе)0,02
700 #1 - ИМЯ ЛИЦА - ПЕРВИЧНАЯ ОТВЕТСТВЕННОСТЬ
Начальный элемент ввода Кофман
Часть имени, кроме начального элемента ввода А. Ф.
Даты 1954-
Расширение инициалов личного имени Андрей Федорович
942 ## - ДОПОЛНИТЕЛЬНЫЕ ЭЛЕМЕНТЫ ЗАПИСИ (АБИС)
Тип экземпляра АБИС Книга
980 ## - КОЛЛЕКЦИЯ
Название коллекции Национальная библиография
Экземпляры
Тип экземпляра Дата поступления Источник поступления Стоимость Библиотека постоянного хранения Библиотека текущего хранения Место хранения Шифр хранения Штрих-код Статус экземпляра
Книга 11.04.2024 Покупка 1998.20 РНБ (Московский) РНБ (Московский) Русский книжный фонд: издания с 1957 года 2025-7/1464 1-4860394  
Книга 06.03.2025   0.00 РНБ (Московский) РНБ (Московский) Залы гуманитарной литературы   ERR-350386  
Книга 06.03.2025   0.00 РНБ (Садовая) РНБ (Садовая) Универсальный читальный зал   ERR-350384